Responses for show #6056 - Monday, January 3, 2011

Contestants

Annemarie Brentrup, a pizza restaurant manager originally from Bismarck, North Dakota

Genaro Lopez, a contract administrator from Portland, Oregon

Lyn Thomas, a library assistant from Redmond, Washington (whose 1-day cash winnings total $13,100)

Jeopardy! Round responses

NOVEL IDEAS
21st CENTURY ATHLETES
SKY HIGH
(Alex: We want you to name the city as we deal with SKY HIGH. We'll tell you about the skyscrapers.)
SCENTSATIONAL!
TECHNOLOGY OF THE PAST
"EAU" K
    $200 24
Animal Farm

Annemarie
    $200 7
(Chris) Bosh (or Dwyane Wade)

Annemarie
    $200 2
Atlantic City

Annemarie
    $200 25
Jennifer Lopez

Annemarie
    $200 12
candles

Genaro
    $200 19
(Annemarie: What is Cologne?)

eau de Cologne

LynAnnemarie
    $400 23
Don Quixote

Lyn
    $400 8
(Kim) Clijsters

Genaro
    $400 3
New York City

Annemarie
    $400 26
Happy

Genaro
    $400 13
a fork

Annemarie
    $400 1
Juneau

Annemarie
    $600 20
Brave New World

Triple Stumper
    $600 9
(Alexander) Ovechkin

Genaro
    $600 4
Los Angeles

Annemarie
    $600 28
Poison

Triple Stumper
    $600 14
a stirrup

Genaro
    $600 16
a bureau

Lyn
    $800 21
Crime and Punishment

Lyn
    $800 10
(Jason) Taylor

Genaro
    $800 5
Detroit

Annemarie
    $800 29
Nautica

Lyn
    $800 15
glass

Lyn
    $800 17
a trousseau

Lyn
    $1,300 22
...
(Alex: [*], who wrote The Pearl, yes.)

(John) Steinbeck

Lyn
    $1000 11
(Ryan) Howard

Genaro
    $1000 6
San Francisco

Annemarie
    $1000 30
Shalimar

Triple Stumper
    $1000 27
a wheel

Triple Stumper
    $1000 18
a portmanteau

Lyn

Scores at the first commercial break (after clue 15):

Lyn Genaro Annemarie
$800 $3,600 $4,000

Scores at the end of the Jeopardy! Round:

Lyn Genaro Annemarie
$6,700 $4,000 $4,200

Double Jeopardy! Round responses

THE BIBLE
DUDE-ER-ONOMY
NUMBERS
ROMANS
"FIRST" CHRONICLES
JOB
    $400 25
Cain

Genaro
    $400 1
Easy Rider

Genaro
    $400 21
1,001

Annemarie
    $400 27
Mark Antony

Annemarie
    $400 6
a first-degree burn

Lyn
    $400 11
governor

Annemarie
    $800 26
Samson

Lyn
    $800 2
Fast Times at Ridgemont High

Annemarie
    $800 24
four and twenty

Annemarie
    $800 16
Ovid

Genaro
    $800 7
the First Amendment

Genaro
    $1,500 12
the Dalai Lama

Annemarie
    $1200 28
Herod

Lyn
    $1200 3
Bill & Ted

Genaro
    $1200 20
212 degrees

Annemarie
    $1200 17
Caligula

Genaro
    $1200 8
"Who's on First?"

Annemarie
    $1200 13
carpenter

Genaro
    $1600 29
Revelation

Annemarie
    $1600 4
(Kevin) Smith

Genaro
    $4,000 23
(Lyn: Nope, sorry.)
(Alex: Don't want to pick a number?)
(Lyn: What is zero?)

86

Lyn
    $1600 18
Pliny

Genaro
    $1600 9
the first trimester

Genaro
    $1600 14
a bellhop

Genaro
    $2000 30
Absalom

Triple Stumper
    $2000 5
Jeff Bridges

Triple Stumper
    $2000 22
101st

Lyn
    $2000 19
Horace

Triple Stumper
    $2000 10
the First Crusade

Annemarie
    $2000 15
fishing

Lyn

Scores at the end of the Double Jeopardy! Round:

Lyn Genaro Annemarie
$9,100 $16,400 $14,500

[wagering suggestions for these scores]

Final Jeopardy! Round responses

POP STARS
LynWho is Sting?
$7,400
AnnemarieWho is Sting?
$14,499
GenaroWho is Sting?
$12,601
Sting

Final scores:

Lyn Genaro Annemarie
$16,500 $29,001 $28,999
3rd place: $1,000 New champion: $29,001 2nd place: $2,000

Game dynamics:

Coryat scores:

Lyn Genaro Annemarie
$12,800 $16,400 $13,800
14 R
(including 1 DD),
1 W
(including 1 DD)
18 R,
0 W
20 R
(including 1 DD),
1 W

Combined Coryat: $43,000

The J! Archive is created by fans, for fans. The Jeopardy! game show and all elements thereof, including but not limited to copyright and trademark thereto, are the property of Jeopardy Productions, Inc. and are protected under law. This website is not affiliated with, sponsored by, or operated by Jeopardy Productions, Inc. Join the discussion at JBoard.tv.